[Event "Misurata op"]
[Site "Misurata"]
[Date "2022.12.13"]
[Round "7"]
[White "Ashor, Abdulmajed"]
[Black "Naser Eldean, Ahmed"]
[Result "0-1"]
[WhiteElo "1699"]
[BlackElo "1958"]
[PlyCount "54"]
[EventDate "2022.12.08"]
[EventType "swiss"]
[EventRounds "9"]
[EventCountry "LBY"]
[SourceTitle "EXT 2024"]
[Source "ChessBase"]
[SourceDate "2023.10.10"]
[SourceVersion "1"]
[SourceVersionDate "2023.10.10"]
[SourceQuality "1"]

1. f4 e5 2. fxe5 d6 3. exd6 Bxd6 4. Nf3 Bg4 5. g3 h5 6. d4 h4 7. Bg5 f6 8. Bxh4 Bxf3 9. exf3 g5 10. Qd3 gxh4 11. Qg6+ Kf8 12. Kd2 Qe8 13. Qf5 Rh5 14. Qd3 hxg3 15. h4 Bf4+ 16. Kc3 Qe3 17. Na3 Nc6 18. Nc4 Qxd3+ 19. Bxd3 Rd8 20. Bg6 Rhd5 21. Be4 Rxd4 22. Rag1 Nge7 23. h5 b5 24. Ne3 Bxe3 25. Rxg3 Rc4+ 26. Kb3 Na5+ 27. Ka3 Ra4# 0-1